[Event "ECU-chT U20"]
[Site "Carpuela"]
[Date "2014.05.05"]
[Round "5.4"]
[White "Parrales Merino, Carlos Alejan"]
[Black "Morocho Morocho, Miguel Angel"]
[Result "0-1"]
[WhiteElo "1703"]
[BlackElo "1488"]
[PlyCount "60"]
[EventDate "2014.05.03"]
[EventType "team-swiss"]
[EventRounds "7"]
[EventCountry "ECU"]
[SourceTitle "CBM 160 Extra"]
[Source "ChessBase"]
[SourceDate "2014.07.01"]
[SourceVersion "1"]
[SourceVersionDate "2014.07.01"]
[SourceQuality "1"]
[WhiteTeam "Santa Elena"]
[BlackTeam "Loja"]
[WhiteTeamCountry "ECU"]
[BlackTeamCountry "ECU"]

1. d4 d5 2. Nf3 Nf6 3. c4 e6 4. Nc3 c6 5. e3 Nbd7 6. a3 Bd6 7. Qc2 0-0 8. Be2 dxc4 9. Bxc4 e5 10. dxe5 Nxe5 11. Nxe5 Bxe5 12. h3 b5 13. Be2 Re8 14. 0-0 Be6 15. Rd1 Qc7 16. Bd2 a5 17. Bf3 Rab8 18. Rac1 a4 19. Re1 Bb3 20. Qb1 Red8 21. Rcd1 Bxd1 22. Rxd1 Bxc3 23. Bxc3 Rxd1+ 24. Qxd1 Rd8 25. Qc2 Qd6 26. Bb4 c5 27. Qxc5 Qxc5 28. Bxc5 Rc8 29. Bd4 Ne8 30. Kf1 Nd6 0-1